000
00188 a2200097 4500
001
6966
100
_a
Taylor, J W R
245
_a
260
_a
_b
Ali publication
_c
090
_c
5750
_d
5750
942
_a
NUST-CAE
_c
M
_c
32212
999
_c
242039
_d
242039